[Event "TCh-CRO Gp1B"]
[Site "Sibenik CRO"]
[Date "2010.09.07"]
[Round "4"]
[White "Zivkovic,Ni"]
[Black "Biliskov,V"]
[Result "0-1"]
[WhiteElo "2211"]
[BlackElo "2296"]
[EventDate "2010.09.04"]

1. e4 c5 2. Nf3 d6 3. d4 cxd4 4. Nxd4 Nf6 5. Nc3 Nc6 6. Bc4 Qb6 7. Nb3 e6
8. O-O Be7 9. Be3 Qc7 10. f4 a6 11. Bd3 b5 12. Qf3 Bb7 13. Qh3 Nb4 14. a3
Nxd3 15. cxd3 Rc8 16. Rac1 Qd7 17. Nd4 O-O 18. g4 g6 19. f5 e5 20. Nf3 gxf5
21. gxf5 Kh8 22. Kh1 Rg8 23. Rg1 Rxg1+ 24. Rxg1 Rg8 25. Rxg8+ Nxg8 26. Qh5
Bd8 27. Ng5 Bxg5 28. Bxg5 Qxf5 29. Kg1 Qe6 30. Kf2 Kg7 31. Be3 Qg6 32. Qe2
f5 33. Ke1 f4 34. Bf2 Nf6 35. Bb6 h5 36. Ba7 Qg4 37. Qf2 Nd7 38. d4 Qg6 39.
dxe5 dxe5 40. Qd2 Qe6 41. Bf2 Nf6 42. Qd3 Qd7 43. Qxd7+ Nxd7 44. Ke2 Nf6
45. Kf3 Kg6 46. h4 Nxe4 47. Nxe4 Kf5 48. Bb6 Bxe4+ 49. Kf2 Bd5 50. Bd8 e4
0-1

[Event "TCh-CRO Gp1B"]
[Site "Sibenik CRO"]
[Date "2010.09.07"]
[Round "4"]
[White "Sedlak,N"]
[Black "Ragger,M"]
[Result "1-0"]
[WhiteElo "2550"]
[BlackElo "2628"]
[EventDate "2010.09.04"]

1. d4 d5 2. c4 c6 3. Nf3 Nf6 4. Nc3 dxc4 5. e4 b5 6. e5 Nd5 7. a4 e6 8. Ng5
h6 9. Nge4 b4 10. Nb1 Ba6 11. Nbd2 Nf4 12. Qg4 Nd3+ 13. Bxd3 cxd3 14. O-O
Qd5 15. Re1 Nd7 16. Nf3 O-O-O 17. Qf4 Be7 18. Qxf7 Rde8 19. Bd2 Kd8 20.
Rac1 Ref8 21. Qg6 c5 22. Nd6 Bxd6 23. exd6 Bb7 24. dxc5 Rf5 25. Qxg7 Re8
26. c6 1-0

[Event "TCh-CRO Gp1B"]
[Site "Sibenik CRO"]
[Date "2010.09.07"]
[Round "4"]
[White "Bogut,Z"]
[Black "Bogosavljevic,B"]
[Result "0-1"]
[WhiteElo "2451"]
[BlackElo "2554"]
[EventDate "2010.09.04"]

1. e4 c5 2. Nf3 e6 3. b3 b6 4. c4 Bb7 5. Nc3 d6 6. d4 cxd4 7. Nxd4 Nf6 8.
Qe2 Nbd7 9. g3 h5 10. Bg2 h4 11. f4 a6 12. Bb2 e5 13. Nc2 Nh5 14. Qf2 Be7
15. Ne3 exf4 16. Nf5 fxg3 17. hxg3 g6 18. Nxe7 hxg3 19. Qd4 Kxe7 20. O-O-O
Qc7 21. Ne2 f6 22. Bf3 Qc5 23. Bxh5 g2 24. Rhg1 Qxd4 25. Rxd4 Rxh5 26. Rxg2
Rh1+ 27. Kc2 Nc5 28. Nc3 Rah8 29. Rdd2 g5 30. Rde2 Nd7 31. Ref2 Ne5 32. a4
R8h3 33. Ba3 Ra1 34. Bb2 Re1 35. Kd2 Ree3 36. Kc2 Nd3 37. Nd5+ Bxd5 38.
Bxf6+ Kd7 39. exd5 Nxf2 40. Rxf2 g4 41. Bd4 Ref3 42. Rg2 g3 43. Bg1 Rh2 44.
Bxh2 Rf2+ 0-1

[Event "TCh-CRO Gp1B"]
[Site "Sibenik CRO"]
[Date "2010.09.07"]
[Round "4"]
[White "Medak,B"]
[Black "Bender,I"]
[Result "1-0"]
[WhiteElo "2346"]
[BlackElo "2292"]
[EventDate "2010.09.04"]

1. e4 c5 2. d3 e6 3. f4 Nc6 4. Nf3 b5 5. Be2 Bb7 6. O-O Nd4 7. Nxd4 cxd4 8.
Kh1 Rc8 9. c3 Bc5 10. Qb3 Qb6 11. a4 bxa4 12. Qxa4 Bc6 13. Qa2 Nf6 14. Nd2
O-O 15. Nb3 dxc3 16. bxc3 Be7 17. Bd2 d5 18. e5 Nd7 19. Nd4 Bc5 20. Rab1
Qc7 21. Nxc6 Qxc6 22. d4 Bb6 23. f5 Ra8 24. f6 Bd8 25. Rf3 Nxf6 26. exf6
Bxf6 27. Bb5 Qd6 28. Bf4 e5 29. dxe5 Bxe5 30. Bxe5 Qxe5 31. Bc6 Rac8 32.
Bxd5 Rxc3 33. Rxc3 Qxc3 34. Bxf7+ Kh8 35. Qxa7 Qf6 36. Bd5 Qe5 37. Bf3 Re8
38. h3 Re7 1-0

[Event "TCh-CRO Gp1B"]
[Site "Sibenik CRO"]
[Date "2010.09.07"]
[Round "4"]
[White "Ivankovic,I"]
[Black "Dulic,G"]
[Result "0-1"]
[WhiteElo "2134"]
[BlackElo "2243"]
[EventDate "2010.09.04"]

1. c4 Nf6 2. Nc3 d5 3. cxd5 Nxd5 4. Nf3 g6 5. Qa4+ Bd7 6. Qh4 Nxc3 7. dxc3
Nc6 8. g3 e5 9. Bg5 Be7 10. Bxe7 Qxe7 11. Qxe7+ Kxe7 12. Bg2 f6 13. O-O
Rhd8 14. Rfd1 Be6 15. b3 a5 16. Ne1 a4 17. Bxc6 Rxd1 18. Rxd1 bxc6 19. c4
axb3 20. axb3 Ra2 21. e4 Rb2 22. Rd3 Bh3 23. Re3 h5 24. f3 c5 25. Rc3 Re2
26. Rc1 Rd2 27. Rc2 Rd1 28. Kf2 Rb1 29. Rc3 Kd6 30. Ke2 Kc6 31. Kd2 Kb6 32.
Re3 Ra1 33. Kc3 Ra2 34. Nc2 g5 35. Re2 c6 36. Rf2 Ra8 37. Rd2 Kc7 38. Ne3
Ra1 39. Rf2 Re1 40. Kd3 Rb1 41. Kc2 Ra1 42. Nd1 Ra8 43. Rd2 Rd8 44. Rxd8
Kxd8 45. Kd2 Kc7 46. Nf2 Be6 47. Nd3 Kd6 48. Ke3 Bd7 49. f4 gxf4+ 50. gxf4
exf4+ 51. Kxf4 Bg4 52. b4 cxb4 53. c5+ Ke7 54. Nxb4 Bd7 55. Nc2 Bg4 56. Nd4
Bd7 57. Kg3 Kf7 58. Kh4 Kg6 59. h3 Kh6 60. Ne2 Be8 61. Nf4 Bf7 62. Kg3 Kg5
63. h4+ Kh6 64. Ne2 Be6 65. Kf4 Kg6 66. Nd4 Bd7 67. e5 Kf7 68. Nf5 Be6 69.
Nd4 Bd7 70. Nf5 Be6 71. Ng3 Bg4 72. Ne4 fxe5+ 73. Kxe5 Ke7 74. Nf6 Bf3 75.
Kf5 Kf7 76. Nd7 Bg4+ 0-1

[Event "TCh-CRO Gp1B"]
[Site "Sibenik CRO"]
[Date "2010.09.08"]
[Round "5"]
[White "Ragger,M"]
[Black "Erdos,V"]
[Result "1/2-1/2"]
[WhiteElo "2628"]
[BlackElo "2576"]
[EventDate "2010.09.04"]

1. Nf3 d5 2. d4 Nf6 3. c4 c6 4. Nc3 e6 5. Bg5 h6 6. Bxf6 Qxf6 7. e3 Nd7 8.
Bd3 dxc4 9. Bxc4 Bd6 10. Ne4 Bb4+ 11. Nfd2 Qe7 12. O-O O-O 13. a3 Bxd2 14.
Qxd2 e5 15. Rad1 exd4 16. Qxd4 c5 1/2-1/2

[Event "TCh-CRO Gp1B"]
[Site "Sibenik CRO"]
[Date "2010.09.08"]
[Round "5"]
[White "Gonda,L"]
[Black "Bogut,Z"]
[Result "1-0"]
[WhiteElo "2550"]
[BlackElo "2451"]
[EventDate "2010.09.04"]

1. d4 c5 2. d5 Nf6 3. c4 e6 4. Nc3 exd5 5. cxd5 d6 6. Nf3 g6 7. Nd2 Bg7 8.
e4 O-O 9. Be2 a6 10. a4 Re8 11. O-O Nbd7 12. f4 Rb8 13. Kh1 Qc7 14. e5 dxe5
15. Nc4 b5 16. axb5 axb5 17. fxe5 bxc4 18. exf6 Bf8 19. Bxc4 Rb6 20. Bf4
Qd8 21. Qd2 Rxf6 22. Bg5 Rxf1+ 23. Rxf1 f6 24. d6+ Kh8 25. Bh4 Bb7 26. Bd5
Ba6 27. Ra1 Qb6 28. Ne4 Bg7 29. h3 Bb7 30. Bxb7 Qxb7 31. Nc3 Rd8 32. Re1
Qc6 33. Re7 Nb6 34. Ne4 Nd5 35. Re6 Rf8 36. Bg3 Nb6 37. Re7 f5 38. Ng5 Nd5
39. Nf7+ Kg8 40. Ne5 Qa8 41. Ra7 Bh6 42. Qa5 Qb8 43. Qa2 c4 44. Nxc4 Nb4
45. Qa4 Nc6 46. Rc7 f4 47. Bf2 Nd8 48. Ne5 Qxb2 49. Qc4+ Kh8 50. Bd4 Qb1+
51. Kh2 Bg7 52. Rxg7 1-0

[Event "TCh-CRO Gp1B"]
[Site "Sibenik CRO"]
[Date "2010.09.08"]
[Round "5"]
[White "Bender,I"]
[Black "Biti,O"]
[Result "1/2-1/2"]
[WhiteElo "2292"]
[BlackElo "2370"]
[EventDate "2010.09.04"]

1. e4 c5 2. Nf3 Nc6 3. d4 cxd4 4. Nxd4 d5 5. Nxc6 bxc6 6. exd5 Qxd5 7. Qe2
Nf6 8. Nc3 Qa5 9. Qc4 Bd7 10. Be2 e6 11. O-O Qb4 12. Qd3 Be7 13. Bf3 O-O
14. a3 Qd6 15. Qc4 Rfd8 16. Rd1 Qc5 17. Qe2 Be8 18. Re1 h6 19. Na4 Qa5 20.
b3 Rac8 21. Nb2 Nd5 22. Nc4 Qb5 23. Bb2 Nb6 24. a4 Qa6 25. Qf1 Nxc4 26. Be2
Bb4 27. Bxc4 Qb6 28. Re4 Bc5 29. a5 Qc7 30. Qe2 Bf8 31. Qf3 Rd5 32. Qc3 Rg5
33. h4 Rg6 34. Be2 c5 35. Bh5 Rf6 36. Qe3 Rf5 37. Bg4 Rd5 38. Rxe6 Bd7 39.
c4 Rd4 40. Re4 Bxg4 41. Bxd4 cxd4 42. Qxd4 Bf5 43. Re5 Be6 44. Qe3 Bd6 45.
Rxe6 fxe6 46. Qxe6+ Kh8 47. Rd1 Rd8 48. g3 Bc5 49. Rxd8+ Qxd8 50. a6
1/2-1/2

[Event "TCh-CRO Gp1B"]
[Site "Sibenik CRO"]
[Date "2010.09.08"]
[Round "5"]
[White "Srbis,J"]
[Black "Brnas,A"]
[Result "1-0"]
[WhiteElo "2277"]
[BlackElo "2281"]
[EventDate "2010.09.04"]

1. e4 e5 2. Nf3 Nc6 3. Bb5 a6 4. Ba4 Nf6 5. O-O Be7 6. Re1 b5 7. Bb3 O-O 8.
h3 d5 9. exd5 Nxd5 10. Nxe5 Nxe5 11. Rxe5 Nf6 12. d4 Bd6 13. Re1 Ng4 14.
hxg4 Qh4 15. Re5 Bxe5 16. dxe5 Bxg4 17. Qe1 Rad8 18. Nc3 c5 19. a3 c4 20.
Ba2 Rfe8 21. b3 Be6 22. Be3 Qh5 23. bxc4 bxc4 24. Bb6 Rb8 25. Bc5 Rbc8 26.
Bd4 Bf5 27. Ne4 Qg4 28. f3 Qf4 29. Qe2 Rc6 30. Bxc4 Bxe4 31. fxe4 Rxe5 32.
Rf1 1-0

[Event "TCh-CRO Gp1B"]
[Site "Sibenik CRO"]
[Date "2010.09.08"]
[Round "5"]
[White "Markotic,G"]
[Black "Orak,L"]
[Result "1-0"]
[WhiteElo "2279"]
[BlackElo "2317"]
[EventDate "2010.09.04"]

1. d4 Nf6 2. c4 g6 3. g3 Bg7 4. Bg2 O-O 5. Nc3 d6 6. Nf3 Nc6 7. O-O e5 8.
dxe5 Nxe5 9. Nxe5 dxe5 10. Bg5 Qxd1 11. Raxd1 c6 12. b3 Re8 13. h3 h6 14.
Be3 Bf8 15. Na4 Nh7 16. Bc5 Ng5 17. Kh2 Ne6 18. Bxf8 Kxf8 19. Rd2 Rd8 20.
Rxd8+ Nxd8 21. f4 exf4 22. gxf4 Ke7 23. e4 g5 24. e5 gxf4 25. Rxf4 Kf8 26.
Rf6 Kg7 27. Nc5 Be6 28. Rf3 a5 29. a4 Rc8 30. Ne4 b6 31. Rg3+ Kf8 32. Nf6
Ke7 33. Rg8 Bd7 34. h4 Ne6 35. Bh3 Rxg8 36. Nxg8+ Kf8 37. Nxh6 Nc5 38. Bxd7
Nxd7 39. Ng4 Nc5 40. Nf6 Nxb3 41. Nd7+ Ke7 42. h5 Nd4 43. h6 Nf3+ 44. Kg3
Ng5 45. Kf4 Nh7 46. Nxb6 Ke6 47. c5 f6 48. exf6 Nxf6 49. Nc4 Kd5 50. Kf5
Nh7 51. Nxa5 Kxc5 52. Nb7+ Kb4 53. Nd8 c5 54. Kg6 c4 55. Kxh7 c3 56. Nc6+
Kc5 57. Ne5 Kd4 58. Nf3+ Ke3 59. Ne1 Kd2 60. Kg6 Kxe1 1-0

[Event "TCh-CRO Gp1B"]
[Site "Sibenik CRO"]
[Date "2010.09.08"]
[Round "5"]
[White "Vujec,I"]
[Black "Ivankovic,I"]
[Result "1/2-1/2"]
[WhiteElo "2037"]
[BlackElo "2134"]
[EventDate "2010.09.04"]

1. d4 Nf6 2. c4 c5 3. Nf3 e6 4. Nc3 Qa5 5. Bd2 cxd4 6. Nxd4 Qb6 7. Nf3 Be7
8. Qc2 O-O 9. e3 Nc6 10. a3 d5 11. cxd5 exd5 12. Nb5 Ne4 13. Bd3 Bf5 14.
Nbd4 Bg6 15. Bxe4 Bxe4 16. Qb3 Nxd4 17. Nxd4 Qxb3 18. Nxb3 Bxg2 19. Rg1 Be4
20. Bc3 g6 21. Nd4 Bf6 22. Ke2 Rfc8 23. Rac1 a6 24. f3 Bxd4 25. Bxd4 Bf5
26. Bc3 Rc4 27. Rcd1 Be6 28. Rd4 Rac8 29. Rxc4 dxc4 30. Rd1 f5 31. h4 Kf7
32. Rg1 Rd8 33. Rd1 Rxd1 34. Kxd1 Bd5 35. Ke2 Ke6 36. Bb4 Bc6 37. Bf8 Ba4
38. Kd2 Kd5 39. Bg7 Bd7 40. Kc3 Bc6 41. Kd2 Kc5 42. Bf8+ Kb5 43. f4 Be4 44.
Kc3 Bg2 45. Be7 Bf1 46. Bf8 Kc6 47. Kd4 Kd7 48. Bg7 Ke6 49. Kc5 Kd7 50. Bf6
Be2 51. Bg7 Kc8 52. Be5 Bf1 53. Bd6 Kd7 54. Bf8 Ke6 55. Bg7 Be2 56. Bf8 Kf7
57. Bh6 Ke6 58. Bg7 Bf1 59. Bf8 Kf7 60. Bh6 Kf6 61. Bf8 Be2 62. Kb6 Bf3 63.
Kc5 Kf7 64. Bh6 Be2 65. Kb6 Ke6 66. Kxb7 Kd5 67. Bf8 a5 68. Kc7 a4 69. Kd7
Ke4 70. Bc5 Kf3 71. Ke6 Kg4 72. Be7 Kf3 73. Bc5 Kg3 74. Be7 Kf2 75. Bc5 Kg3
76. Be7 Kf3 77. Bc5 Kg4 78. Be7 Kf3 79. Bc5 Kg3 1/2-1/2

[Event "TCh-CRO Gp1B"]
[Site "Sibenik CRO"]
[Date "2010.09.08"]
[Round "5"]
[White "Chatalbashev,B"]
[Black "Sedlak,N"]
[Result "1/2-1/2"]
[WhiteElo "2606"]
[BlackElo "2550"]
[EventDate "2010.09.04"]

1. d4 Nf6 2. g3 g6 3. Bg2 Bg7 4. e4 d6 5. Ne2 O-O 6. Nbc3 e5 7. h3 c6 8. a4
a5 9. Be3 Na6 10. O-O Nb4 11. Qd2 Re8 12. Rad1 exd4 13. Nxd4 Be6 1/2-1/2

[Event "TCh-CRO Gp1B"]
[Site "Sibenik CRO"]
[Date "2010.09.08"]
[Round "5"]
[White "Mrdja,M"]
[Black "Medak,B"]
[Result "1/2-1/2"]
[WhiteElo "2393"]
[BlackElo "2346"]
[EventDate "2010.09.04"]

1. Nf3 Nf6 2. g3 g6 3. Bg2 Bg7 4. O-O O-O 5. c4 d6 6. Nc3 e5 7. d3 Nc6 8.
Rb1 a5 9. a3 h6 10. b4 axb4 11. axb4 Be6 12. b5 Ne7 13. e4 1/2-1/2

[Event "TCh-CRO Gp1B"]
[Site "Sibenik CRO"]
[Date "2010.09.08"]
[Round "5"]
[White "Tomerlin,S"]
[Black "Jukic,Zd"]
[Result "1/2-1/2"]
[WhiteElo "2300"]
[BlackElo "2299"]
[EventDate "2010.09.04"]

1. Nf3 Nf6 2. g3 g6 3. Bg2 Bg7 4. d3 O-O 5. c3 d6 6. O-O c6 7. e4 e5 8. Re1
Re8 9. Nbd2 Nbd7 10. Qc2 Qc7 11. a4 a5 12. h3 h6 13. Nf1 Nf8 14. Ne3 Ne6
1/2-1/2

[Event "TCh-CRO Gp1B"]
[Site "Sibenik CRO"]
[Date "2010.09.08"]
[Round "5"]
[White "Dulic,G"]
[Black "Zovko,Mari"]
[Result "1/2-1/2"]
[WhiteElo "2243"]
[BlackElo "2213"]
[EventDate "2010.09.04"]

1. d4 f5 2. c4 e6 3. Nf3 Nf6 4. g3 Be7 5. Bg2 O-O 6. O-O d5 7. b3 c6 8. Ne5
Nbd7 9. Nd3 b6 10. Nd2 Bb7 11. Nf3 Ne4 12. Bb2 Bf6 13. e3 Rc8 14. Rc1 h6
15. Nfe5 Bxe5 16. Nxe5 Nxe5 17. dxe5 Ng5 18. h4 Nf7 19. f4 Qd7 1/2-1/2

[Event "TCh-CRO Gp1B"]
[Site "Sibenik CRO"]
[Date "2010.09.08"]
[Round "5"]
[White "Ljubicic,F"]
[Black "Sax,G"]
[Result "0-1"]
[WhiteElo "2380"]
[BlackElo "2529"]
[EventDate "2010.09.04"]

1. e4 c5 2. Nf3 Nc6 3. Nc3 e5 4. Bc4 Be7 5. d3 Nf6 6. Ng5 O-O 7. f4 exf4 8.
Bxf4 d6 9. Qd2 a6 10. a4 h6 11. Nf3 Be6 12. O-O d5 13. exd5 Nxd5 14. Bxd5
Bxd5 15. Bxh6 gxh6 16. Qxh6 Be6 17. Rae1 Bf5 18. Ne4 Bg6 19. Re3 Bf6 20.
Nxf6+ Qxf6 21. Nh4 Qg7 22. Qg5 Rae8 23. Rg3 Nd4 24. Rg4 Re5 25. Qd2 Re2 0-1

[Event "TCh-CRO Gp1B"]
[Site "Sibenik CRO"]
[Date "2010.09.08"]
[Round "5"]
[White "Rezan,S"]
[Black "Sale,S"]
[Result "1/2-1/2"]
[WhiteElo "2428"]
[BlackElo "2400"]
[EventDate "2010.09.04"]

1. d4 Nf6 2. c4 Nc6 3. Nf3 e6 4. a3 d6 5. Nc3 g6 6. e4 Bg7 7. Be2 O-O 8.
O-O Re8 9. d5 exd5 10. cxd5 Nb8 11. Qc2 Nbd7 12. Re1 Nc5 13. Bb5 Bd7 14.
Bxd7 Qxd7 15. Rb1 a5 16. b4 axb4 17. axb4 Na4 18. Nxa4 Qxa4 19. Qd3 c6 20.
dxc6 bxc6 21. Bb2 Qb5 22. Qc2 Qa4 23. Qd3 Qb5 1/2-1/2

[Event "TCh-CRO Gp1B"]
[Site "Sibenik CRO"]
[Date "2010.09.08"]
[Round "5"]
[White "Bilobrk,F"]
[Black "Rogulj,B"]
[Result "1-0"]
[WhiteElo "2368"]
[BlackElo "2412"]
[EventDate "2010.09.04"]

1. d4 Nf6 2. c4 g6 3. Nc3 d5 4. cxd5 Nxd5 5. e4 Nxc3 6. bxc3 Bg7 7. Be3 O-O
8. Qd2 c5 9. Nf3 Qa5 10. Rc1 b6 11. Bh6 cxd4 12. Bxg7 Kxg7 13. cxd4 Qxd2+
14. Kxd2 Bb7 15. Bd3 Nc6 16. d5 Nb4 17. Rc7 Nxd3 18. Kxd3 Ba6+ 19. Kd4 Rfe8
20. Rhc1 Kf8 21. R1c3 Rec8 22. Ne5 Rxc7 23. Rxc7 Bb5 24. f4 Ke8 25. d6 exd6
26. Nxf7 Bd7 27. Nxd6+ Kd8 28. Rc3 Ke7 29. Ke5 a6 30. f5 gxf5 31. exf5 a5
32. f6+ Kd8 33. Nb7+ Ke8 34. Rg3 Kf8 35. Rg7 Re8+ 36. Kf4 Bc6 37. Rxh7 Re4+
38. Kf5 Bxb7 39. Rxb7 Re2 40. g4 Rxa2 41. Kg6 1-0

[Event "TCh-CRO Gp1B"]
[Site "Sibenik CRO"]
[Date "2010.09.08"]
[Round "5"]
[White "Mestrovic,Z"]
[Black "Zelic,Ml"]
[Result "0-1"]
[WhiteElo "2379"]
[BlackElo "2291"]
[EventDate "2010.09.04"]

1. e4 e5 2. Nf3 Nc6 3. Bb5 f5 4. d3 fxe4 5. dxe4 Nf6 6. Bg5 Bc5 7. Nc3 d6
8. Qe2 O-O 9. Bxc6 bxc6 10. Nxe5 Qe8 11. Nd3 Bd4 12. f3 Ba6 13. Be3 c5 14.
Qd2 Rb8 15. O-O Bxd3 16. Qxd3 Bxe3+ 17. Qxe3 Rxb2 18. Rab1 Rb6 19. Qd3 Qe6
20. f4 Re8 21. Rbe1 c4 22. Qd4 c5 23. Qd2 Nd7 24. Nd5 Rb7 25. c3 Nb6 26. f5
Qf7 27. Nf4 Na4 28. Ne6 h5 29. Re3 Qf6 30. Qd5 Rf7 31. Qxc4 Nb6 32. Qd3 Qe5
33. Rd1 Rd7 34. Rg3 Ree7 35. Qf3 d5 36. exd5 Rxd5 37. c4 Rxd1+ 38. Qxd1 Rd7
39. Qf3 Qa1+ 40. Kf2 Qb2+ 0-1

[Event "TCh-CRO Gp1B"]
[Site "Sibenik CRO"]
[Date "2010.09.08"]
[Round "5"]
[White "Bozanic,I"]
[Black "Paljusaj,E"]
[Result "1-0"]
[WhiteElo "2249"]
[BlackElo "2309"]
[EventDate "2010.09.04"]

1. e4 c5 2. Nf3 Nc6 3. d4 cxd4 4. Nxd4 Nf6 5. Nc3 e5 6. Ndb5 d6 7. Bg5 a6
8. Na3 b5 9. Nd5 Be7 10. Bxf6 Bxf6 11. c4 b4 12. Nc2 Rb8 13. b3 O-O 14. g3
g6 15. h4 Bg7 16. h5 Be6 17. Bh3 Qd7 18. Bxe6 fxe6 19. hxg6 hxg6 20. Nde3
Qf7 21. O-O Nd4 22. Ng4 Qf3 23. Qxf3 Rxf3 24. Kg2 Rd3 25. Ne1 Rc3 26. Ne3
Bh6 27. Nd1 Rc1 28. Rxc1 Bxc1 29. Nd3 Bd2 30. N1b2 Bc3 31. Na4 Ne2 32. Kf3
Nd4+ 33. Kg4 Rf8 34. c5 Nf3 35. Rd1 d5 36. exd5 exd5 37. a3 e4 38. Nf4 Ne5+
39. Kh3 d4 40. axb4 g5 41. Nd5 Rxf2 42. Naxc3 dxc3 43. Nxc3 e3 44. Rd5 Nf7
45. c6 e2 46. Nxe2 Rxe2 47. Rd8+ Nxd8 48. c7 Ne6 49. c8=Q+ Kf7 50. Qxa6 g4+
51. Kxg4 Re4+ 52. Kf5 1-0

[Event "TCh-CRO Gp1B"]
[Site "Sibenik CRO"]
[Date "2010.09.08"]
[Round "5"]
[White "Biliskov,V"]
[Black "Sunara,T"]
[Result "1-0"]
[WhiteElo "2296"]
[BlackElo "1979"]
[EventDate "2010.09.04"]

1. c4 d6 2. d4 Nf6 3. Nf3 g6 4. Nc3 Bg7 5. e4 O-O 6. h3 c6 7. Bg5 Nbd7 8.
Be2 Qc7 9. O-O h6 10. Be3 Kh7 11. Qc2 e5 12. Rad1 Ng8 13. dxe5 dxe5 14. c5
Ndf6 15. Nd2 Be6 16. Bc4 Qe7 17. Bxe6 Qxe6 18. Qb3 Qe7 19. Nc4 Ne8 20. Na5
f5 21. Qxb7 Qxb7 22. Nxb7 Rb8 23. Na5 Nef6 24. b3 Rbc8 25. f3 Ne7 26. Rd6
Kg8 27. Rfd1 Kf7 28. Nc4 Ne8 29. Rd7 Rc7 30. Nd6+ Kg8 31. Nxe8 Rxd7 32.
Rxd7 Rxe8 33. Rxa7 g5 34. Rd7 f4 35. Bf2 h5 36. b4 Kf7 37. a4 Rc8 38. b5
Ke8 39. Rd2 cxb5 40. axb5 Bf8 1-0

[Event "TCh-CRO Gp1B"]
[Site "Sibenik CRO"]
[Date "2010.09.08"]
[Round "5"]
[White "Susak,Z"]
[Black "Gradiser,D"]
[Result "0-1"]
[WhiteElo "2214"]
[BlackElo "1966"]
[EventDate "2010.09.04"]

1. e4 e5 2. Nf3 Nc6 3. Bc4 Bc5 4. O-O d6 5. c3 Bg4 6. d3 h6 7. a4 a6 8.
Nbd2 Nf6 9. h3 Bh5 10. Re1 O-O 11. b4 Bb6 12. Nf1 Re8 13. Ng3 Bg6 14. Qb3
Qd7 15. Nh4 Ne7 16. a5 Ba7 17. Qd1 c6 18. Qf3 d5 19. Bb3 Nh7 20. Nhf5 Rad8
21. Rd1 Qe6 22. c4 dxe4 23. dxe4 Rxd1+ 24. Qxd1 Bxf5 25. c5 Qg6 26. exf5
Qf6 27. Qd7 Rf8 28. Bb2 Bb8 29. Re1 Nd5 30. Bxd5 cxd5 31. Qxd5 Ng5 32. f4
Nxh3+ 33. gxh3 Qh4 34. Qf3 exf4 35. Qg4 Qxg3+ 36. Qxg3 fxg3 37. Be5 Re8 38.
Bxg3 Rxe1+ 39. Bxe1 Be5 40. Kg2 g6 41. fxg6 fxg6 42. b5 axb5 43. c6 bxc6
44. a6 Bb8 45. Bg3 Ba7 46. Bf2 c5 47. Kf3 Kf7 48. Ke4 Ke6 49. Bg3 g5 50.
Be5 h5 51. Bg3 b4 52. Be1 g4 53. hxg4 hxg4 54. Bg3 c4 55. Bf4 b3 56. Be5 g3
57. Bd4 Bxd4 58. Kxd4 0-1

[Event "TCh-CRO Gp1B"]
[Site "Sibenik CRO"]
[Date "2010.09.08"]
[Round "5"]
[White "Curic,D"]
[Black "Tomljanovic,G"]
[Result "1-0"]
[WhiteElo "2245"]
[BlackElo "2121"]
[EventDate "2010.09.04"]

1. d4 g6 2. Nf3 Bg7 3. c4 d6 4. Nc3 Nf6 5. e4 O-O 6. Be2 Nbd7 7. O-O c6 8.
Re1 e5 9. Bf1 h6 10. d5 c5 11. a3 Ne8 12. b4 b6 13. Nd2 f5 14. Nb3 f4 15.
bxc5 bxc5 16. Bd2 g5 17. Nb5 a6 18. Na5 Ndf6 19. Nc6 Qd7 20. Nc3 Bb7 21.
Qa4 Rf7 22. Rab1 Qg4 23. Qd1 f3 24. Qxf3 Qd7 25. Na5 Bc8 26. Qd1 Ng4 27. f3
Nxh2 28. Kxh2 g4 29. fxg4 Qd8 30. g5 hxg5 31. Nc6 Qf6 32. Be3 g4 33. g3 Bh6
34. Qd2 Bf4 35. gxf4 exf4 36. Bxf4 Qh4+ 37. Kg1 g3 38. Bg5 Qg4 39. Ne7+ Kh8
40. e5 Rf2 41. Qe3 Rf3 42. Qe4 Rxc3 43. Qxg4 Bxg4 44. exd6 Nxd6 45. Bf6+
1-0

[Event "TCh-CRO Gp1B"]
[Site "Sibenik CRO"]
[Date "2010.09.09"]
[Round "6"]
[White "Erdos,V"]
[Black "Saric,Ib"]
[Result "1-0"]
[WhiteElo "2576"]
[BlackElo "2565"]
[EventDate "2010.09.04"]

1. d4 Nf6 2. c4 e6 3. Nc3 Bb4 4. Qc2 Nc6 5. Nf3 d6 6. Bg5 h6 7. Bd2 O-O 8.
a3 Bxc3 9. Bxc3 Qe7 10. b4 e5 11. d5 Nb8 12. e4 Nh5 13. g3 c6 14. Bg2 cxd5
15. exd5 Bg4 16. O-O Nd7 17. Nd2 Qg5 18. h4 Qe7 19. Rae1 f5 20. c5 b5 21.
Nf3 Bxf3 22. Bxf3 Qf7 23. Bxh5 Qxh5 24. f4 Rae8 25. cxd6 Qg6 26. Bxe5 Nxe5
27. fxe5 Rxe5 28. Qd3 Qxd6 29. Rxe5 Qxe5 30. d6 g6 31. Kh2 Rd8 32. d7 Qe6
33. Rd1 a6 34. Rd2 Kf7 35. Qd4 g5 36. h5 Kg8 37. Qd6 Kf7 38. Qc7 Ke7 39.
Qc2 Kf7 40. Qd1 Qe5 41. Re2 Qf6 42. Qb3+ Kf8 43. Qe3 Qf7 44. Qe5 Qxd7 45.
Qh8+ Kf7 46. Qh7+ Kf8 47. Qh8+ Kf7 48. Qxh6 Rg8 49. Rc2 Rg7 50. Qb6 Kg8 51.
h6 Rf7 52. Qg6+ Kh8 53. Rc8+ Qxc8 54. Qxf7 Qg8 55. Qxf5 g4 56. Kg1 Qh7 57.
Qf8+ Qg8 58. Qxg8+ Kxg8 59. Kf2 1-0

[Event "TCh-CRO Gp1B"]
[Site "Sibenik CRO"]
[Date "2010.09.09"]
[Round "6"]
[White "Berczes,D"]
[Black "Gonda,L"]
[Result "1/2-1/2"]
[WhiteElo "2520"]
[BlackElo "2550"]
[EventDate "2010.09.04"]

1. d4 Nf6 2. c4 e6 3. Nc3 Bb4 4. e3 c5 5. a3 Bxc3+ 6. bxc3 O-O 7. Bd3 Nc6
8. Ne2 b6 9. O-O Ba6 10. e4 Ne8 11. f4 f5 12. exf5 exf5 13. dxc5 bxc5 14.
Be3 d6 15. Bf2 Qd7 16. Bh4 Nf6 17. Ng3 g6 18. Qa4 Bb7 19. Qc2 Rae8 20. Rfe1
Rxe1+ 21. Rxe1 Re8 1/2-1/2

[Event "TCh-CRO Gp1B"]
[Site "Sibenik CRO"]
[Date "2010.09.09"]
[Round "6"]
[White "Biti,O"]
[Black "Brulic,D"]
[Result "1/2-1/2"]
[WhiteElo "2370"]
[BlackElo "2331"]
[EventDate "2010.09.04"]

1. e4 c5 2. d3 d5 3. exd5 Qxd5 4. Nc3 Qd8 5. g3 g6 6. Bg2 Bg7 7. Be3 Nd7 8.
Nge2 Nh6 9. O-O O-O 10. a4 Nf5 11. Bf4 Ne5 12. Ne4 Nd4 13. N2c3 Bg4 14. f3
Bc8 15. Kh1 Nec6 16. Nb5 Ne6 17. Bc1 Bd7 18. f4 1/2-1/2

[Event "TCh-CRO Gp1B"]
[Site "Sibenik CRO"]
[Date "2010.09.09"]
[Round "6"]
[White "Ivic,Mat"]
[Black "Srbis,J"]
[Result "1/2-1/2"]
[WhiteElo "2272"]
[BlackElo "2277"]
[EventDate "2010.09.04"]

1. e4 c5 2. Nf3 g6 3. d4 cxd4 4. Nxd4 Nc6 5. Nc3 Bg7 6. Be3 Nf6 7. Bc4 O-O
8. Bb3 a5 9. f3 d5 10. exd5 Nb4 11. Qd2 Nfxd5 12. Nxd5 Nxd5 13. Bh6 Bxh6
14. Qxh6 e5 15. Ne2 Nf4 16. Nxf4 exf4 17. Qxf4 a4 18. Bc4 Qe7+ 19. Kf2 Qc5+
20. Kg3 Bf5 21. h4 Rad8 22. Rad1 b5 23. Bd3 Rd4 24. Be4 Bxe4 25. Rxd4 Qxd4
26. c3 Qd5 1/2-1/2

[Event "TCh-CRO Gp1B"]
[Site "Sibenik CRO"]
[Date "2010.09.09"]
[Round "6"]
[White "Orak,L"]
[Black "Katavic,B"]
[Result "1-0"]
[WhiteElo "2317"]
[BlackElo "2221"]
[EventDate "2010.09.04"]

1. e4 Nf6 2. e5 Nd5 3. d4 Nb6 4. a4 a5 5. Nf3 d6 6. exd6 cxd6 7. Bb5+ Bd7
8. Nc3 g6 9. h4 h5 10. Bg5 Bg7 11. Qe2 Nc6 12. O-O-O Qc7 13. d5 Ne5 14.
Nxe5 Bxe5 15. f4 f6 16. fxe5 fxg5 17. e6 Bxb5 18. Qxb5+ Kd8 19. hxg5 Rc8
20. Qxa5 Qc5 21. Qxc5 Rxc5 22. Rhf1 Rc4 23. a5 Na4 24. Ne2 Nc5 25. Nd4 Ra4
26. Rf4 Rxa5 27. b4 Ra1+ 28. Kd2 Rxd1+ 29. Kxd1 Na6 30. Nb5 Ke8 31. c3 Rf8
32. Rxf8+ Kxf8 33. Kc2 Ke8 34. Kb3 Kd8 35. Ka4 b6 36. g3 Ke8 37. c4 Kd8 38.
Nd4 Nc7 39. Ne2 Ne8 40. Nf4 Ng7 41. Nxg6 Nf5 42. Nh4 Ng7 43. Kb5 Kc7 44.
Ka6 1-0

[Event "TCh-CRO Gp1B"]
[Site "Sibenik CRO"]
[Date "2010.09.09"]
[Round "6"]
[White "Curic,D"]
[Black "Vujec,I"]
[Result "1-0"]
[WhiteElo "2245"]
[BlackElo "2037"]
[EventDate "2010.09.04"]

1. d4 Nf6 2. Nf3 g6 3. Bf4 Bg7 4. e3 O-O 5. Be2 d6 6. O-O Nh5 7. Bg5 h6 8.
Bh4 g5 9. Nfd2 gxh4 10. Bxh5 c5 11. c3 cxd4 12. exd4 e5 13. dxe5 dxe5 14.
Na3 Be6 15. Ne4 Qe7 16. Qd6 Nc6 17. Qxe7 Nxe7 18. Nc5 Bd5 19. Rfd1 Rfd8 20.
Be2 a6 21. Nc2 Rac8 22. Nd3 Bc4 23. Ne3 Be6 24. Bf3 Rc7 25. Nb4 Rdd7 26.
Nbd5 Nxd5 27. Bxd5 Rd6 28. Bxe6 Rxe6 29. h3 b5 30. Rd8+ Kh7 31. Rad1 Kg6
32. R1d6 Rc6 33. Rxe6+ Rxe6 34. Kf1 f5 35. Ke2 Bf6 36. Rg8+ Kf7 37. Ra8 Kg6
38. Nd5 Rd6 39. Nb4 Rd7 40. Rxa6 Kg7 41. Nc2 Bg5 42. Ne3 Rf7 43. Rb6 e4 44.
Rxb5 f4 45. Nf5+ Kg6 46. Nd4 e3 47. a4 Re7 48. a5 f3+ 49. Nxf3 exf2+ 50.
Kxf2 Be3+ 51. Kf1 1-0